[Event "World Team-ch Women 2019"]
[Site "Astana"]
[Date "2019.03.12"]
[Round "7.10"]
[White "Saduakassova, Dinara"]
[Black "Arabidze, Meri"]
[Result "1/2-1/2"]
[WhiteElo "2462"]
[BlackElo "2392"]
[Annotator "TA"]
[PlyCount "96"]
[EventDate "2019.02.05"]
[EventType "team-tourn"]
[EventCountry "KAZ"]
[SourceTitle "playchess.com"]
[Source "ChessBase"]
[SourceQuality "1"]
[WhiteTeam "Kazakhstan"]
[BlackTeam "Georgia"]
[WhiteTeamCountry "KAZ"]
[BlackTeamCountry "GEO"]

{[%evp 15,96,15,39,33,36,22,22,16,14,16,23,6,19,2,7,-21,-1,-28,-42,-33,-18,-26,-34,-40,0,7,7,12,43,0,0,-4,9,9,13,6,21,21,25,31,24,16,27,25,45,14,14,9,15,15,34,36,36,41,32,0,0,0,0,0,0,0,0,0,24,6,6,2,6,-6,-6,-6,-6,-6,-6,-6,-4,-3,-2,-12,0,0,0]} 1. c4 e6 2. Nf3 d5 3. g3 Nf6 4. Bg2 dxc4 5. Qa4+ Nbd7 6. Qxc4 c5 7. d3 a6 8. Qb3 Ra7 9. a4 {A13: English Opening: 1...e6} b6 10. Na3 Nd5 $146 ({Predecessor:} 10... Be7 11. O-O O-O 12. Nc4 Bb7 13. Bd2 Re8 14. e4 Bf8 15. Bc3 Bc6 16. Rfd1 Qa8 {1-0 (43) Gonda,L (2535)-Singer,C (2343) Germany 2013}) 11. Nc4 Be7 12. O-O O-O 13. Bd2 Bb7 14. Rfe1 Nb4 15. d4 a5 16. Bc3 cxd4 17. Bxd4 Nc5 18. Bxc5 Bxc5 19. Nfe5 Bxg2 20. Kxg2 Qd4 21. Rf1 f6 22. Nf3 Qe4 23. Ncd2 Qxe2 {White must now prevent ...Nd3.} 24. Rae1 Qd3 25. Qxe6+ Kh8 26. Ne4 Qd7 27. Nxc5 bxc5 28. Qc4 Rc7 29. b3 Qd5 30. Re4 Qxc4 31. Rxc4 Rd8 32. Rfc1 Na6 33. R1c2 Kg8 34. Rd2 Rcd7 35. Rcc2 Rd3 36. Rxd3 Rxd3 $11 {[%mdl 4096] Endgame KRN-KRN} 37. Nd2 Nb4 38. Rb2 Kf7 39. Ne4 Na6 40. Rd2 Rxb3 {The position is equal.} 41. Rd6 Rb4 42. Kf3 Nb8 43. Nxc5 Rc4 44. Rd5 Nc6 45. Nb7 Rxa4 {White should prevent ...Ra1.} 46. Rc5 $1 Nd4+ 47. Kg2 Ne6 48. Rxa5 Rxa5 {Accuracy: White = 57%, Black = 61%.} 1/2-1/2

[Event "World Team-ch Women 2019"]
[Site "Astana"]
[Date "2019.03.12"]
[Round "7.11"]
[White "Javakhishvili, Lela"]
[Black "Assaubayeva, Bibisara"]
[Result "1-0"]
[WhiteElo "2455"]
[BlackElo "2376"]
[Annotator "TA"]
[PlyCount "111"]
[EventDate "2019.02.05"]
[EventType "team-tourn"]
[EventCountry "KAZ"]
[SourceTitle "playchess.com"]
[Source "ChessBase"]
[SourceQuality "1"]
[WhiteTeam "Georgia"]
[BlackTeam "Kazakhstan"]
[WhiteTeamCountry "GEO"]
[BlackTeamCountry "KAZ"]

{[%evp 13,111,32,51,40,58,55,60,49,72,78,73,72,100,100,95,93,132,110,123,113,113,101,147,137,128,139,146,120,125,104,145,154,158,141,136,126,125,141,160,146,123,129,216,220,214,225,249,254,260,244,262,268,358,351,422,412,399,406,406,406,399,399,403,403,388,399,395,402,399,363,395,395,448,383,391,372,370,379,448,440,493,483,490,478,568,568,622,622,612,600,578,578,1239,1216,945,899,29979,29981,29981,29981]} 1. d4 Nf6 2. c4 g6 3. g3 Bg7 4. Bg2 O-O 5. Nc3 d6 6. Nf3 c6 7. O-O Bf5 8. Ng5 {E62: King's Indian: Fianchetto: 6...c6 and Panno Variation (6...Nc6) without ...a6} (8. Ne1 Be6 9. b3 d5 10. Nd3 dxc4 11. Nf4 Qc8 12. Ba3 Re8 13. Nxe6 Qxe6 14. Rb1 Na6 15. d5 cxd5 16. bxc4 d4 17. Qxd4 {½-½ (52) Howell,D (2689)-Naiditsch,A (2721) Porto Carras 2018}) 8... h6 9. e4 Bg4 10. f3 {White is slightly better.} Bd7 11. Nh3 e5 12. Be3 Na6 13. Qd2 Kh7 14. Nf2 b5 $146 ({Predecessor:} 14... Qe7 15. Rad1 Rfd8 {1-0 (43) Vakhidov,J (2500)-Gormally,D (2477) Hastings 2018}) 15. dxe5 dxe5 16. cxb5 cxb5 17. Rfd1 Qa5 18. Bf1 Nc7 19. a3 Rfd8 20. b4 Qa6 21. Nd3 Ne6 22. Nc5 $36 {[%mdl 2048] Black is under strong pressure.} ({Don't play} 22. Nxe5 $6 Nxe4 23. fxe4 (23. Nxe4 Bxe5 24. Qa2 Qb7 $11) 23... Bxe5 $11) 22... Nxc5 23. bxc5 Qb7 24. Rab1 a6 25. Qb2 Rab8 26. Qb4 Qa8 27. Qa5 Rdc8 (27... Bf8 $16) 28. Nd5 $18 Qb7 {[#]} 29. a4 $1 {[%mdl 512]} Be8 (29... bxa4 30. Nxf6+) 30. Nb6 Rd8 31. axb5 axb5 32. Bxb5 Bxb5 33. Qxb5 Ne8 34. Rxd8 Rxd8 35. c6 Qe7 36. Nd5 Qa3 37. Qb3 Qxb3 38. Rxb3 Rc8 39. Rc3 Bf8 40. c7 Bd6 41. Bb6 Kg7 42. Kf1 f5 43. Ke2 Kf7 44. Kd3 Ke6 45. Ba5 h5 46. h3 g5 47. g4 hxg4 48. hxg4 fxg4 49. fxg4 Nf6 50. Nxf6 Kxf6 {[%mdl 4096] Endgame KRB-KRB} 51. Rc6 Ke7 {[#]} 52. Kc4 $1 Ke6 53. Bb6 Kd7 54. Kd5 Be7 55. Bc5 Bxc5 56. Rxc5 {Accuracy: White = 88%, Black = 41%.} 1-0

[Event "World Team-ch Women 2019"]
[Site "Astana"]
[Date "2019.03.12"]
[Round "7.12"]
[White "Nakhbayeva, Guliskhan"]
[Black "Batsiashvili, Nino"]
[Result "0-1"]
[WhiteElo "2295"]
[BlackElo "2454"]
[Annotator "TA"]
[PlyCount "72"]
[EventDate "2019.02.05"]
[EventType "team-tourn"]
[EventCountry "KAZ"]
[SourceTitle "playchess.com"]
[Source "ChessBase"]
[SourceQuality "1"]
[WhiteTeam "Kazakhstan"]
[BlackTeam "Georgia"]
[WhiteTeamCountry "KAZ"]
[BlackTeamCountry "GEO"]

{[%evp 11,72,13,13,13,20,14,25,0,0,0,0,0,0,0,0,-20,-8,-38,-25,-33,-6,-35,-17,-48,-37,-31,-33,-60,-52,-44,-70,-54,-43,-109,-112,-139,-109,-141,-92,-95,-95,-208,-169,-223,-219,-202,-175,-331,-338,-333,-341,-334,-324,-322,-319,-305,-247,-427,-423,-493,-491,-1130,-1136]} 1. d4 Nf6 2. c4 e6 3. Nf3 d5 4. Nc3 Be7 5. Bf4 O-O 6. e3 Nbd7 7. c5 {D37: Queen's Gambit Declined: 5 Bf4} Ne4 (7... c6 8. Bd3 b6 9. b4 a5 10. a3 Ba6 11. O-O Qc8 12. h3 Qb7 13. Qc2 Bxd3 14. Qxd3 axb4 15. axb4 Rxa1 16. Rxa1 Ra8 {½-½ (24) Mamedyarov,S (2801)-Aronian,L (2767) Saint Louis 2018}) 8. Qc2 f5 9. h3 {White has an edge.} c6 10. Be2 b6 11. cxb6 axb6 12. O-O Bb7 13. a3 $146 ({Predecessor:} 13. a4 Bb4 14. Na2 Be7 {½-½ (27) Romm,M (2467)-De Carlos Arregui,I (2379) ICCF email 2010}) 13... Bf6 14. Rac1 Qe7 15. Qb3 Ba6 16. Bxa6 Rxa6 17. Rc2 c5 18. Qb5 Raa8 19. Rfc1 Rfc8 20. Nd2 Nxc3 21. Rxc3 c4 22. b4 (22. R3c2 $15) 22... Qe8 $17 23. Kf1 Bd8 24. Ke2 Bc7 25. Bxc7 Rxc7 26. Nf3 (26. a4 $17 {is a better defense.}) 26... Qc8 27. Kd1 (27. a4 {might work better.}) 27... Nf6 $19 {[%cal Bd7f6,Bf6e8,Be8d6][%mdl 32]} 28. Nd2 Qb7 29. f3 $2 {[#]} (29. a4) 29... Ne8 30. Nxc4 dxc4 31. Rxc4 Rxc4 32. Qxc4 Kf7 ({Weaker is} 32... Rxa3 33. Qxe6+ Qf7 34. Rc6 $17) 33. Rc3 Qd5 34. Qe2 $2 {[#]} (34. Qxd5 exd5 35. Ke2) 34... Nd6 {Black is clearly winning.} 35. Rc7+ Kg8 36. Qc2 (36. Qd3 $142 Nb5 37. Rc1) 36... Rxa3 {Accuracy: White = 26%, Black = 74%.} 0-1

[Event "World Team-ch Women 2019"]
[Site "Astana"]
[Date "2019.03.12"]
[Round "7.13"]
[White "Abrahamyan, Tatev"]
[Black "Karavade, Eesha"]
[Result "0-1"]
[WhiteElo "2377"]
[BlackElo "2357"]
[Annotator "RC"]
[PlyCount "96"]
[EventDate "2019.02.05"]
[EventType "team-tourn"]
[EventCountry "KAZ"]
[SourceTitle "playchess.com"]
[Source "ChessBase"]
[SourceQuality "1"]
[WhiteTeam "United States"]
[BlackTeam "India"]
[WhiteTeamCountry "USA"]
[BlackTeamCountry "IND"]
[TimeControl "40/5400+30:1800+30"]

1. e4 {[%emt 0:00:00]} c5 {[%emt 0:00:00]} 2. Nf3 {[%emt 0:00:00]} e6 {[%emt 0:00:18]} 3. d4 {[%emt 0:00:17]} cxd4 {[%emt 0:00:09]} 4. Nxd4 {[%emt 0:00:03]} Nc6 {[%emt 0:00:09]} 5. Nc3 {[%emt 0:00:51]} Qc7 {[%emt 0:00:09]} 6. Be3 {[%emt 0:04:42]} Nf6 {[%emt 0:01:37]} 7. Qd2 {[%emt 0:05:54]} a6 {[%emt 0:03:22]} 8. O-O-O {[%emt 0:01:36]} Be7 {[%emt 0:00:06]} 9. f3 {[%emt 0:00:15]} b5 {[%emt 0:01:30]} 10. g4 {[%emt 0:02:06]} Nxd4 {[%emt 0:00:11]} 11. Bxd4 {[%emt 0:07:08]} Bb7 {[%emt 0:04:18]} 12. g5 {[%emt 0:03:38]} Nh5 {[%emt 0:00:06]} 13. Kb1 {[%emt 0:00:45]} O-O {[%emt 0:07:33]} 14. Be3 {[%emt 0:33:45]} d5 {[%emt 0:18:01]} 15. Bd3 {[%emt 0:07:57]} Rad8 {[%emt 0:16:00]} 16. exd5 {[%emt 0:02:01]} b4 {[%emt 0:00:43]} 17. Ne4 {[%emt 0:04:45]} Bxd5 {[%emt 0:11:04]} 18. Qf2 {[%emt 0:00:52]} Qc6 {[%emt 0:00:11]} 19. Rhg1 {[%emt 0:03:11]} e5 {[%emt 0:04:07]} 20. Rdf1 {[%emt 0:05:52]} g6 {[%emt 0:02:24]} 21. Rg4 {[%emt 0:05:53]} Be6 {[%emt 0:08:51]} 22. Rh4 {[%emt 0:01:51]} Rxd3 {[%emt 0:00:23]} 23. cxd3 {[%emt 0:00:13]} Qd5 {[%emt 0:00:05]} 24. b3 {[%emt 0:01:45]} Qxd3+ {[%emt 0:00:08]} 25. Ka1 {[%emt 0:01:06]} f5 {[%emt 0:03:10]} 26. gxf6 {[%emt 0:00:36]} Nxf6 {[%emt 0:00:13]} 27. Nxf6+ {[%emt 0:03:26]} Bxf6 {[%emt 0:00:40]} 28. Re4 {[%emt 0:00:15]} Bf5 {[%emt 0:01:32]} 29. Bh6 {[%emt 0:00:40]} Rc8 {[%emt 0:04:26]} 30. Rc1 {[%emt 0:00:45]} Rxc1+ {[%emt 0:02:18]} 31. Bxc1 {[%emt 0:00:03]} Bxe4 {[%emt 0:01:12]} 32. fxe4 {[%emt 0:00:04]} Kf7 {[%emt 0:03:20]} 33. Qa7+ {[%emt 0:01:09]} Be7 {[%emt 0:00:08]} 34. Qb7 {[%emt 0:00:36]} Qb5 {[%emt 0:01:42]} 35. Qc7 {[%emt 0:00:57]} Qc5 {[%emt 0:00:14]} 36. Qxc5 {[%emt 0:00:10]} Bxc5 {[%emt 0:00:02]} 37. Kb1 {[%emt 0:00:15]} Kf6 {[%emt 0:02:06]} 38. Kc2 {[%emt 0:00:12]} g5 {[%emt 0:00:25]} 39. Kd3 {[%emt 0:01:09]} g4 {[%emt 0:01:08]} 40. Ke2 {[%emt 0:00:00]} Bg1 {[%emt 0:00:00]} 41. h3 {[%emt 0:03:48]} gxh3 {[%emt 0:02:07]} 42. Kf3 {[%emt 0:00:31]} Kg6 {[%emt 0:01:35]} 43. Bd2 {[%emt 0:07:20]} a5 {[%emt 0:02:25]} 44. Bc1 {[%emt 0:03:57]} Kh5 {[%emt 0:00:47]} 45. a3 {[%emt 0:00:54]} h2 {[%emt 0:01:21]} 46. Kg2 {[%emt 0:00:04]} Kg4 {[%emt 0:00:10]} 47. axb4 {[%emt 0:00:19]} axb4 {[%emt 0:00:07]} 48. Bh6 {[%emt 0:00:21]} Bd4 {[%emt 0:00:25]} 0-1

[Event "World Team-ch Women 2019"]
[Site "Astana"]
[Date "2019.03.12"]
[Round "7.14"]
[White "Soumya, Swaminathan"]
[Black "Nemcova, Katerina"]
[Result "1-0"]
[WhiteElo "2401"]
[BlackElo "2315"]
[Annotator "TA"]
[PlyCount "71"]
[EventDate "2019.02.05"]
[EventType "team-tourn"]
[EventCountry "KAZ"]
[SourceTitle "playchess.com"]
[Source "ChessBase"]
[SourceQuality "1"]
[WhiteTeam "India"]
[BlackTeam "United States"]
[WhiteTeamCountry "IND"]
[BlackTeamCountry "USA"]

{[%evp 21,71,14,61,47,71,68,47,47,56,58,79,74,100,83,88,31,75,63,66,66,70,71,72,51,63,70,70,88,100,96,112,84,154,139,165,79,164,166,741,747,713,709,2023,1056,5297,5293,5285,5277,2556,2427,1488,1353]} 1. e4 c5 2. Nf3 Nc6 3. d4 cxd4 4. Nxd4 e5 5. Nb5 d6 6. c4 a6 7. N5a3 f5 8. exf5 Bxf5 9. Nc3 Nf6 10. Bd3 Bxd3 11. Qxd3 Be7 (11... d5 $5) 12. Nc2 {B32: Sicilian: Löwenthal and Kalashnikov Variations} O-O 13. O-O Rc8 14. b3 {White is slightly better.} Kh8 15. Be3 Ng4 $146 ({Predecessor:} 15... e4 16. Qd2 Qe8 17. Bd4 Qg6 18. Rae1 Rce8 19. Re3 Bd8 {½-½ (33) Horvath,A (2412)-Poliakov,D (2163) Oropesa del Mar 1999}) 16. Rad1 Nxe3 17. Qxe3 b5 18. c5 (18. cxb5 $16 axb5 19. Qd3) 18... Nd4 19. Nxd4 exd4 20. Rxd4 {b4 is the strong threat.} Rxc5 21. Nd5 Bf6 22. Rd2 {[%cal Bd4d2,Bd2e2,Be2e7][%mdl 32]} Bg5 23. f4 Bf6 24. Rfd1 Rc6 25. h3 h6 26. Re2 a5 (26... Qd7 $142) 27. Kh2 $16 b4 {[#]} 28. Qe4 (28. Qd3 $1 $18 {has better winning chances.}) 28... Qc8 (28... Qd7 $16) 29. Qg6 $40 {[%mdl 128] White goes for the king.} Qd8 $2 (29... Bh4 30. g3 Bd8) 30. Rde1 {White is clearly winning.} Rc8 {[#]} 31. Re7 $1 {[%mdl 512]} Bb2 (31... Bxe7 32. Rxe7) 32. R1e6 a4 33. Qh5 {Rxh6+! would kill now.} Bf6 34. Nxf6 Qxe7 35. Rxe7 {Threatening mate with Qg6.} Rxf6 36. Re8+ {Accuracy: White = 68%, Black = 21%.} 1-0

[Event "World Team-ch Women 2019"]
[Site "Astana"]
[Date "2019.03.12"]
[Round "7.15"]
[White "Yip, Carissa"]
[Black "Padmini, Rout"]
[Result "0-1"]
[WhiteElo "2279"]
[BlackElo "2332"]
[Annotator "NA RC"]
[PlyCount "66"]
[EventDate "2019.02.05"]
[EventType "team-tourn"]
[EventCountry "KAZ"]
[SourceTitle "playchess.com"]
[Source "ChessBase"]
[SourceQuality "1"]
[WhiteTeam "United States"]
[BlackTeam "India"]
[WhiteTeamCountry "USA"]
[BlackTeamCountry "IND"]
[TimeControl "40/5400+30:1800+30"]

1. e4 {[%emt 0:00:00]} e5 {[%emt 0:00:00]} 2. Bc4 {[%emt 0:00:00]} Nf6 {[%emt 0:01:01]} 3. d3 {[%emt 0:00:00]} Nc6 {[%emt 0:02:38]} 4. Nc3 {[%emt 0:00:20]} Na5 {[%emt 0:01:34]} 5. Nge2 {[%emt 0:01:50]} Nxc4 {[%emt 0:01:52]} 6. dxc4 {[%emt 0:00:05]} g6 {[%emt 0:08:10] C28: Vienna Game: 2...Nf6 3 Bc4 Nc6} (6... Bc5 7. O-O d6 8. Qd3 O-O 9. Be3 Nd7 10. Ng3 a5 11. b3 h6 12. Rad1 Re8 13. Nd5 c6 14. Nc3 Bxe3 15. Qxe3 Nc5 16. Rd2 {1-0 (63) Nakamura,H (2787)-Carlsen,M (2853) chess.com INT 2016}) 7. Bg5 $146 {[%emt 0:07:20]} ({Predecessor:} 7. O-O Bg7 8. f4 exf4 9. Bxf4 d6 10. Bg5 h6 11. Bxf6 Bxf6 12. Rxf6 Qxf6 13. Nd5 Qd8 14. Qd4 Rf8 15. Qg7 c6 16. Nf6+ Ke7 17. Nf4 Bd7 18. Rf1 g5 19. N6d5+ cxd5 20. Ng6+ {1-0 (20) Fell,S (2309)-Ocantos,M (2248) Caba 2017}) 7... h6 {[%emt 0:01:12]} 8. Bh4 {[%emt 0:02:36]} d6 {[%emt 0:10:51]} 9. f3 {[%emt 0:26:43]} Be6 {[%emt 0:07:17]} 10. Qd3 {[%emt 0:03:46]} Be7 {[%emt 0:02:06]} 11. Bf2 {[%emt 0:00:51]} c6 {[%emt 0:04:54]} 12. Rd1 {[%emt 0:02:06]} Nd7 {[%emt 0:03:24]} 13. b3 {[%emt 0:01:18]} Nc5 {[%emt 0:03:44]} 14. Qd2 {[%emt 0:00:47]} Qc7 {[%emt 0:03:05]} 15. Be3 {[%emt 0:09:19]} h5 {[%emt 0:06:02]} 16. a3 {[%emt 0:01:26]} a6 {[%emt 0:01:02]} 17. b4 {[%emt 0:08:43]} Nd7 {[%emt 0:00:12]} 18. Nd5 {[%emt 0:00:06]} cxd5 {[%emt 0:01:04]} 19. cxd5 {[%emt 0:00:04]} Bxd5 $11 {[%emt 0:12:07]} ({Black should try} 19... Bg4 $15 20. fxg4 hxg4) 20. Qxd5 {[%emt 0:02:17]} Rc8 {[%emt 0:00:11]} 21. c3 {[%emt 0:12:28]} Nb6 {[%emt 0:03:21]} 22. Bxb6 {[%emt 0:01:24]} Qxb6 {[%emt 0:00:06]} 23. c4 {[%emt 0:00:12]} O-O {[%emt 0:00:24]} 24. Qd3 {[%emt 0:00:27]} Qc6 {[%emt 0:14:42]} 25. Rc1 {[%emt 0:00:05]} b5 {[%emt 0:00:07]} 26. cxb5 {[%emt 0:04:46]} Qxc1+ {[%emt 0:00:11]} 27. Nxc1 {[%emt 0:00:02]} Rxc1+ {[%emt 0:00:06]} 28. Kd2 {[%emt 0:01:27]} Rxh1 {[%emt 0:09:20]} 29. bxa6 {[%emt 0:04:12]} Rc8 {[%emt 0:00:30]} 30. b5 {[%emt 0:05:39]} Bd8 {[%emt 0:00:30]} 31. a7 {[%emt 0:04:16]} Rhc1 {[%emt 0:01:56]} 32. g3 {[%emt 0:00:47]} Ba5+ {[%emt 0:00:57]} 33. Ke2 {[%emt 0:00:14]} R8c2+ {[%emt 0:00:26]} 0-1

[Event "World Team-ch Women 2019"]
[Site "Astana"]
[Date "2019.03.12"]
[Round "7.16"]
[White "Kulkarni Bhakti"]
[Black "Foisor, Sabina-Francesca"]
[Result "1-0"]
[WhiteElo "2322"]
[BlackElo "2276"]
[Annotator "NA RC"]
[PlyCount "89"]
[EventDate "2019.02.05"]
[EventType "team-tourn"]
[EventCountry "KAZ"]
[SourceTitle "playchess.com"]
[Source "ChessBase"]
[SourceQuality "1"]
[WhiteTeam "India"]
[BlackTeam "United States"]
[WhiteTeamCountry "IND"]
[BlackTeamCountry "USA"]
[TimeControl "40/5400+30:1800+30"]

1. d4 {[%emt 0:00:00]} Nf6 {[%emt 0:00:00]} 2. c4 {[%emt 0:00:19]} e6 {[%emt 0:00:00]} 3. Nf3 {[%emt 0:00:29]} Bb4+ {[%emt 0:00:53]} 4. Bd2 {[%emt 0:00:17]} Qe7 {[%emt 0:02:22]} 5. g3 {[%emt 0:02:43]} O-O {[%emt 0:01:55]} 6. Bg2 {[%emt 0:00:53]} Bxd2+ {[%emt 0:01:50]} 7. Qxd2 {[%emt 0:00:17]} Ne4 {[%emt 0:10:53]} 8. Qc2 {[%emt 0:00:12]} f5 {[%emt 0:03:25]} 9. O-O {[%emt 0:00:23]} d6 {[%emt 0:00:17]} 10. Nbd2 {[%emt 0:04:48]} Nxd2 {[%emt 0:02:58]} 11. Qxd2 {[%emt 0:01:29]} Nd7 {[%emt 0:01:12] E11: Bogo-Indian} 12. b4 $146 {[%emt 0:01:29]} ({Predecessor:} 12. Qe3 Nf6 13. Rad1 Bd7 14. Qb3 b6 15. Qa3 a5 16. Ne5 Rad8 17. Nc6 Bxc6 18. Bxc6 h5 19. Qf3 g6 20. Qf4 Kg7 21. Qg5 Ng8 22. Qe3 {½-½ (22) Geler,A (2330)-Abramovic,D (2130) Cetinje 2009}) 12... Nf6 {[%emt 0:04:13]} 13. Rfc1 {[%emt 0:00:47]} e5 {[%emt 0:03:38]} 14. d5 {[%emt 0:06:34]} (14. Qc3 $11) 14... f4 {[%emt 0:04:07]} 15. Ng5 {[%emt 0:02:22]} h6 {[%emt 0:12:13]} 16. Ne6 {[%emt 0:08:12]} Bxe6 {[%emt 0:04:53]} 17. dxe6 {[%emt 0:00:03]} Qxe6 {[%emt 0:03:29]} 18. Bxb7 {[%emt 0:02:01]} Rab8 {[%emt 0:01:34]} 19. Bg2 {[%emt 0:03:05]} fxg3 {[%emt 0:06:54]} 20. fxg3 {[%emt 0:01:22]} e4 {[%emt 0:00:12]} 21. a3 {[%emt 0:02:17]} Qe5 {[%emt 0:06:07]} 22. e3 {[%emt 0:06:03]} Kh8 {[%emt 0:05:25]} 23. Qd4 {[%emt 0:03:01]} Qh5 $11 {[%emt 0:02:05]} 24. Rf1 {[%emt 0:06:41]} Ng4 {[%emt 0:02:29]} 25. h3 {[%emt 0:00:22]} Nf6 {[%emt 0:00:41]} 26. Qxa7 {[%emt 0:13:39]} Qe5 {[%emt 0:01:19]} 27. g4 {[%emt 0:03:32]} c5 {[%emt 0:01:46]} 28. b5 {[%emt 0:01:05]} Qc3 {[%emt 0:01:18]} 29. b6 {[%emt 0:02:05]} Qxe3+ {[%emt 0:02:02]} 30. Kh1 {[%emt 0:00:08]} h5 {[%emt 0:02:27]} 31. Rae1 {[%emt 0:02:27]} Qg3 {[%emt 0:01:32]} 32. g5 {[%emt 0:06:37]} Qxg5 {[%emt 0:00:22]} 33. Qe7 {[%emt 0:01:42]} Rfd8 {[%emt 0:04:26]} 34. Bxe4 {[%emt 0:02:58]} Nxe4 {[%emt 0:06:31]} 35. Qxe4 {[%emt 0:00:11]} Rxb6 {[%emt 0:00:33]} 36. Rf5 {[%emt 0:00:16]} Qh6 {[%emt 0:00:23]} 37. Qh4 {[%emt 0:00:15]} Rdb8 {[%emt 0:01:29]} 38. Rxh5 {[%emt 0:00:05]} d5 {[%emt 0:00:14]} 39. cxd5 {[%emt 0:00:21]} Qxh5 {[%emt 0:00:36]} 40. Qxh5+ {[%emt 0:00:00]} Rh6 {[%emt 0:00:00]} 41. Re8+ {[%emt 0:00:23]} Rxe8 {[%emt 0:02:36]} 42. Qxe8+ {[%emt 0:00:13]} Kh7 {[%emt 0:00:01]} 43. Kh2 {[%emt 0:00:17]} Ra6 {[%emt 0:02:31]} 44. a4 {[%emt 0:00:11]} g6 {[%emt 0:00:58]} 45. d6 {[%emt 0:00:10]} 1-0

[Event "World Team-ch Women 2019"]
[Site "Astana"]
[Date "2019.03.12"]
[Round "7.17"]
[White "Hoang, Thanh Trang"]
[Black "Danielian, Elina"]
[Result "0-1"]
[WhiteElo "2454"]
[BlackElo "2402"]
[Annotator "TA"]
[PlyCount "114"]
[EventDate "2019.02.05"]
[EventType "team-tourn"]
[EventCountry "KAZ"]
[SourceTitle "playchess.com"]
[Source "ChessBase"]
[SourceQuality "1"]
[WhiteTeam "Hungary"]
[BlackTeam "Armenia"]
[WhiteTeamCountry "HUN"]
[BlackTeamCountry "ARM"]

{[%evp 11,114,-1,-6,-7,-9,-10,2,-8,-4,-8,0,-15,12,14,23,0,0,-18,-23,-41,-22,-35,-30,-26,-27,-30,-24,-91,-80,-187,-187,-192,-187,-177,-165,-197,-185,-198,-200,-210,-153,-164,-163,-178,-168,-172,-133,-139,-129,-154,-151,-172,-145,-141,-145,-143,-129,-137,-147,-160,-153,-145,-147,-156,-157,-204,-204,-203,-203,-190,-191,-249,-241,-247,-169,-178,-156,-157,-81,-101,-28,-112,-118,-126,-127,-125,-103,-169,-163,-218,-210,-208,-209,-313,-301,-1285,-1266,-1947,-1947,-5065,-4670,-1866,-1703,-29972,-29972]} 1. d4 Nf6 2. Nf3 b6 3. e3 Bb7 4. Bd3 g6 5. O-O Bg7 6. Nbd2 c5 7. b3 {A47: 1 d4 Nf6 2 Nf3 b6: Torre, London and Colle Systems} O-O 8. Bb2 d6 (8... Nc6 9. a3 cxd4 10. exd4 d6 11. Re1 Nh5 12. Nc4 e6 {0-1 (51) Berescu,A (2454)-Sethuraman,S (2656) Benasque 2016}) 9. c4 {The position is equal.} cxd4 10. exd4 d5 11. Re1 dxc4 $146 ({Predecessor:} 11... e6 12. Rc1 Nc6 13. Ba3 Re8 14. c5 Nd7 15. cxb6 axb6 {0-1 (37) Velez Alvarez,L (1806)-Rivera,I (2095) Quibdo 2015}) 12. bxc4 e6 13. Qe2 Nc6 {[%cal Bb8c6,Bc6e7,Be7f5,Bf5d6,Bd6c4][%mdl 32]} 14. Rad1 Rc8 15. Bc3 Qc7 16. Nb3 Rfd8 17. Qb2 {Black must now prevent d5.} Nh5 18. Bf1 Ne7 {Strongly threatening ...Bxf3.} 19. Nfd2 (19. Ne5 $11) 19... Nf5 $17 20. Ne4 (20. Rc1 $17) 20... Bxe4 $1 $19 21. Rxe4 Nd6 $1 $36 {[%csl LRc4,LRe4][%mdl 2112] Double Attack. Black is really pushing.} 22. Ree1 Nxc4 23. Qe2 Nf4 24. Qf3 Nd5 25. Ba1 Qf4 26. Qxf4 Nxf4 27. Rc1 Nd6 28. Ba6 Rxc1 29. Rxc1 Nd5 30. a3 h5 31. h4 Bf6 32. g3 Kg7 33. Kg2 Rb8 34. Rc6 Nf5 35. Bb2 g5 36. hxg5 Bxg5 37. Bd3 Nfe7 38. Rd6 h4 39. Rd7 hxg3 40. fxg3 a5 41. a4 (41. Bc1 $142 Bxc1 42. Nxc1) 41... Rc8 42. Kf3 Bf6 43. Nd2 Nc6 44. Nc4 Rh8 ({Black should try} 44... Bxd4 45. Bxd4+ Nxd4+ 46. Kf2 Kf6) 45. Nd6 {[#]} Be7 ({But not} 45... Nxd4+ 46. Bxd4 Bxd4 47. Rxf7+ Kg8 48. Rb7 $15) ({Black should play} 45... Rh2 $1 $17 {[%cal Rh2b2]} 46. Bb5 Nce7 47. Ne8+ Kg6 48. Bd3+ Kh6 49. Nxf6 Rxb2 50. Nxd5 Nxd5 51. Rxf7 Rb3) 46. Be4 (46. Bc4 $11 {remains equal.}) 46... Nb8 $17 47. Rxe7 Nxe7 48. d5+ e5 49. Bxe5+ (49. Nc4 $17) 49... f6 $19 50. Bd4 {[#]} (50. Bb2 {is a better defense.}) 50... Rd8 $1 {[%cal Rd8d6]} 51. Nc4 Nxd5 52. Nxb6 (52. Bxd5 $142 Rxd5 53. Ne3) 52... Nc6 53. Bb2 $2 (53. Nxd5 Nxd4+ 54. Ke3) 53... Nxb6 54. Bxc6 Nc4 55. Ba1 Rd1 56. Bb5 Rxa1 57. Bxc4 Rxa4 {Accuracy: White = 34%, Black = 73%.} 0-1